000 00770nam a22002537a 4500
001 17469
003 BD-RjUL
005 20211209000139.0
008 140217s1996 ii ||||| |||| 001 0 eng d
020 _a8171007961
035 _a(BD-RjUL)17527
040 _aBD-RjUL
_beng
_cBD-RjUL
_dBD-RjUL
041 _aeng
082 0 4 _a342.54085
_bRAC 1996
100 1 _a Rai, Anil Kumar
_953855
245 1 0 _aConcept of state and fundamental rights /
_cby Anil Kumar Rai
260 _aNew Delhi :
_b Deep & Deep Publications,
_c ©1996
300 _axiv, 173 p. ;
_c 22 cm.
500 0 _a" foreword by M. P. Singh"
504 _aInclude index
650 0 _a State action (Civil rights)
_z India.
_953856
650 0 _a Civil rights
_z India.
_97355
942 _2ddc
_cBK
999 _c17469
_d17469